[Event "Kowalewo Pomorskie op-A 16th"]
[Site "Kowalewo Pomorskie"]
[Date "2009.07.07"]
[Round "5"]
[White "Grabarczyk, Miroslaw"]
[Black "Maciejewski, Miroslaw"]
[Result "1-0"]
[WhiteElo "2480"]
[BlackElo "2296"]
[PlyCount "109"]
[EventDate "2009.07.04"]
[EventType "swiss"]
[EventRounds "9"]
[EventCountry "POL"]
[SourceTitle "CBM 131 Extra"]
[Source "ChessBase"]
[SourceDate "2009.09.03"]
[SourceVersion "2"]
[SourceVersionDate "2009.09.16"]
[SourceQuality "1"]

1. d4 Nf6 2. c4 g6 3. Nf3 Bg7 4. g3 0-0 5. Bg2 d6 6. Nc3 Nbd7 7. 0-0 e5 8. e4 c6 9. h3 Qa5 10. Re1 exd4 11. Nxd4 Re8 12. Be3 Ne5 13. Bf1 Be6 14. Nxe6 Rxe6 15. f3 Qb4 16. Qe2 Rae8 17. Bf2 a6 18. Kg2 b5 19. cxb5 axb5 20. a4 Nc4 21. axb5 cxb5 22. Nxb5 Qxb5 23. Qxc4 Qxb2 24. Rab1 Qa3 25. Red1 Qa8 26. Qb5 Re5 27. Qb7 Qa2 28. Rb2 Qa3 29. Rbd2 R5e7 30. Qc6 Nd7 31. Qxd6 Qb3 32. Qd3 Qc3 33. Qc4 Nf8 34. Qxc3 Bxc3 35. Rc2 Bg7 36. Rc6 Ne6 37. f4 Nf8 38. e5 g5 39. Rcd6 Ng6 40. f5 Bxe5 41. fxg6 hxg6 42. Rc6 Kg7 43. Bc4 Rb8 44. Rd2 Rb2 45. Rxb2 Bxb2 46. Bc5 Rd7 47. Bd6 Bd4 48. Kf3 Bb2 49. Bc5 Be5 50. Be3 f6 51. Bb6 Kf8 52. g4 Kg7 53. Ke4 Bb2 54. Be6 Re7 55. Kd5 1-0

[Event "Kowalewo Pomorskie op-A 16th"]
[Site "Kowalewo Pomorskie"]
[Date "2009.07.06"]
[Round "3"]
[White "Brodowski, Piotr"]
[Black "Maciejewski, Miroslaw"]
[Result "1/2-1/2"]
[WhiteElo "2397"]
[BlackElo "2296"]
[PlyCount "64"]
[EventDate "2009.07.04"]
[EventType "swiss"]
[EventRounds "9"]
[EventCountry "POL"]
[SourceTitle "CBM 131 Extra"]
[Source "ChessBase"]
[SourceDate "2009.09.03"]
[SourceVersion "2"]
[SourceVersionDate "2009.09.16"]
[SourceQuality "1"]

1. c4 c5 2. Nf3 Nf6 3. d4 cxd4 4. Nxd4 e6 5. g3 Bb4+ 6. Bd2 Qb6 7. Bxb4 Qxb4+ 8. Qd2 Nc6 9. Nc3 Nxd4 10. Qxd4 d5 11. 0-0-0 Qxc4 12. Qxc4 dxc4 13. e4 Bd7 14. Bxc4 Rc8 15. Bd3 Bc6 16. Kb1 Ke7 17. f3 Rcd8 18. Kc2 h5 19. h4 Rhg8 20. b4 b6 21. Bb5 Bb7 22. Rxd8 Rxd8 23. Rd1 Rxd1 24. Kxd1 e5 25. Kd2 Nd7 26. Bxd7 Kxd7 27. Ke3 a6 28. a3 Bc6 29. Nd1 Ba4 30. Nb2 Bb3 31. Kd3 Kc6 32. Kc3 Be6 1/2-1/2

[Event "Kowalewo Pomorskie op"]
[Site "Kowalewo Pomorskie"]
[Date "2008.07.07"]
[Round "5"]
[White "Jaroch, Karol"]
[Black "Maciejewski, Miroslaw"]
[Result "1/2-1/2"]
[WhiteElo "2158"]
[BlackElo "2295"]
[PlyCount "21"]
[EventDate "2008.07.04"]
[EventType "swiss"]
[EventRounds "9"]
[EventCountry "POL"]
[SourceTitle "CBM 125 Extra"]
[Source "ChessBase"]
[SourceDate "2008.09.01"]
[SourceVersion "1"]
[SourceVersionDate "2008.09.01"]
[SourceQuality "1"]

1. e4 e5 2. Nf3 Nc6 3. Bb5 a6 4. Ba4 Nf6 5. 0-0 Be7 6. Re1 b5 7. Bb3 0-0 8. c3 d5 9. exd5 Nxd5 10. d4 exd4 11. cxd4 1/2-1/2

[Event "Kowalewo Pomorskie op"]
[Site "Kowalewo Pomorskie"]
[Date "2008.07.05"]
[Round "2"]
[White "Maciejewski, Miroslaw"]
[Black "Krasiewicz, Robert"]
[Result "1-0"]
[WhiteElo "2295"]
[BlackElo "2136"]
[PlyCount "65"]
[EventDate "2008.07.04"]
[EventType "swiss"]
[EventRounds "9"]
[EventCountry "POL"]
[SourceTitle "CBM 125 Extra"]
[Source "ChessBase"]
[SourceDate "2008.09.01"]
[SourceVersion "1"]
[SourceVersionDate "2008.09.01"]
[SourceQuality "1"]

1. e4 e6 2. d4 d5 3. Nd2 Nf6 4. e5 Nfd7 5. Bd3 c5 6. c3 Nc6 7. Ngf3 Qb6 8. 0-0 cxd4 9. cxd4 Nxd4 10. Nxd4 Qxd4 11. Nf3 Qb6 12. a3 Nc5 13. Bc2 Bd7 14. b4 Ne4 15. Be3 Qa6 16. Nd4 Nc3 17. Qd2 Rc8 18. Bd3 b5 19. Rfc1 Ne4 20. Qb2 Rxc1+ 21. Rxc1 f6 22. f3 fxe5 23. fxe4 exd4 24. Bxd4 e5 25. Bxe5 dxe4 26. Bxe4 Qe6 27. Qc3 Qc4 28. Qf3 Qf7 29. Qg3 Be7 30. Rf1 Qh5 31. Bxg7 Rg8 32. Qb8+ Bd8 33. Bf6 1-0

[Event "Polanica Zdroj op-A 43rd"]
[Site "Polanica Zdroj"]
[Date "2007.08.26"]
[Round "10"]
[White "Brzeski, Maciej"]
[Black "Maciejewski, Miroslaw"]
[Result "1-0"]
[WhiteElo "2356"]
[BlackElo "2303"]
[PlyCount "75"]
[EventDate "2007.08.17"]
[EventType "swiss"]
[EventRounds "10"]
[EventCountry "POL"]
[SourceTitle "CBM 120 Extra"]
[Source "ChessBase"]
[SourceDate "2007.11.01"]
[SourceVersion "1"]
[SourceVersionDate "2007.11.01"]
[SourceQuality "1"]

1. e4 c5 2. Nf3 e6 3. d4 cxd4 4. Nxd4 Nf6 5. Nc3 Nc6 6. Ndb5 Bb4 7. a3 Bxc3+ 8. Nxc3 d5 9. exd5 exd5 10. Bd3 0-0 11. 0-0 d4 12. Ne2 Bg4 13. f3 Bh5 14. b4 Nd5 15. b5 Ne5 16. Be4 Nc3 17. Nxc3 dxc3 18. Qxd8 Raxd8 19. Bf4 Nc4 20. Bxb7 Bg6 21. Rf2 Rfe8 22. Bc6 Re6 23. a4 h6 24. g3 Nd2 25. Ra3 Re1+ 26. Kg2 Nb1 27. Rb3 Rd2 28. Bxd2 cxd2 29. Rxb1 Rxb1 30. Rxd2 Rb2 31. a5 Kf8 32. Kf2 Ke7 33. Ke3 Bxc2 34. Kd4 Ra2 35. Kc3 Bb1 36. Rxa2 Bxa2 37. b6 axb6 38. axb6 1-0

[Event "Polanica Zdroj op-A 43rd"]
[Site "Polanica Zdroj"]
[Date "2007.08.18"]
[Round "2"]
[White "Siembab, Bartosz"]
[Black "Maciejewski, Miroslaw"]
[Result "1/2-1/2"]
[WhiteElo "2210"]
[BlackElo "2303"]
[PlyCount "95"]
[EventDate "2007.08.17"]
[EventType "swiss"]
[EventRounds "10"]
[EventCountry "POL"]
[SourceTitle "CBM 120 Extra"]
[Source "ChessBase"]
[SourceDate "2007.11.01"]
[SourceVersion "1"]
[SourceVersionDate "2007.11.01"]
[SourceQuality "1"]

1. Nf3 g6 2. g3 Bg7 3. Bg2 Nf6 4. 0-0 0-0 5. c4 c5 6. Nc3 Nc6 7. d4 cxd4 8. Nxd4 Nxd4 9. Qxd4 d6 10. Qh4 Be6 11. Bg5 Qa5 12. Bd2 Rac8 13. b3 b5 14. Qg5 Rc5 15. Nxb5 Qd8 16. Qf4 Nh5 17. Qe3 Bxa1 18. Rxa1 a6 19. Nd4 Qd7 20. Bc3 Rb8 21. Rd1 Ng7 22. Qd2 Qe8 23. Bb2 Bc8 24. Qc3 f6 25. Bd5+ Kh8 26. Qe3 Bb7 27. Bxb7 Rxb7 28. Ne6 Rc8 29. Qf3 Rd7 30. Nf4 Qf7 31. Nd5 Rb8 32. Qg4 Rdb7 33. Rd3 a5 34. Rf3 a4 35. b4 Rxb4 36. Nxb4 Rxb4 37. Ba3 Rxc4 38. Qd7 Nf5 39. Rd3 Kg7 40. e3 Rc2 41. e4 Qc4 42. exf5 Qxd3 43. Qxe7+ Kh6 44. fxg6 Kxg6 45. Qe8+ Kg7 46. Qd7+ Kg6 47. Qg4+ Kf7 48. Qd7+ 1/2-1/2

[Event "Poznan op 15th"]
[Site "Poznan"]
[Date "2006.07.29"]
[Round "8"]
[White "Maciejewski, Miroslaw"]
[Black "Szelag, Marcin"]
[Result "0-1"]
[WhiteElo "2308"]
[BlackElo "2470"]
[PlyCount "70"]
[EventDate "2006.07.22"]
[EventType "swiss"]
[EventRounds "9"]
[EventCountry "POL"]
[SourceTitle "EXT 2008"]
[Source "ChessBase"]
[SourceDate "2007.11.25"]
[SourceVersion "1"]
[SourceVersionDate "2007.11.25"]
[SourceQuality "1"]

1. e4 c5 2. Nf3 d6 3. c3 Nf6 4. Be2 Nbd7 5. d3 b6 6. 0-0 e6 7. Nbd2 Bb7 8. Re1 Be7 9. h3 0-0 10. Nf1 Qc7 11. Bf4 e5 12. Bh2 c4 13. N3d2 cxd3 14. Bxd3 Nc5 15. Bc2 Rfe8 16. Kh1 Rad8 17. f3 Nh5 18. Nb3 Ne6 19. Qe2 Bh4 20. g3 Be7 21. f4 g6 22. f5 Nc5 23. Nxc5 Qxc5 24. Rad1 Nf6 25. fxg6 hxg6 26. Bg1 Qc8 27. g4 d5 28. Ng3 dxe4 29. Rxd8 Rxd8 30. Nxe4 Qa8 31. a4 Kg7 32. Kg2 Nd5 33. Bh2 Bh4 34. Rf1 Nf4+ 35. Bxf4 exf4 0-1

[Event "Poznan op 15th"]
[Site "Poznan"]
[Date "2006.07.27"]
[Round "6"]
[White "Maciejewski, Miroslaw"]
[Black "Kukula, Pawel"]
[Result "1/2-1/2"]
[WhiteElo "2308"]
[BlackElo "2164"]
[PlyCount "53"]
[EventDate "2006.07.22"]
[EventType "swiss"]
[EventRounds "9"]
[EventCountry "POL"]
[SourceTitle "EXT 2008"]
[Source "ChessBase"]
[SourceDate "2007.11.25"]
[SourceVersion "1"]
[SourceVersionDate "2007.11.25"]
[SourceQuality "1"]

1. d4 Nf6 2. Nf3 e6 3. Bg5 d5 4. e3 c5 5. c3 Nc6 6. Nbd2 h6 7. Bh4 cxd4 8. exd4 g5 9. Bg3 Nh5 10. Bd3 Nxg3 11. hxg3 Bg7 12. Qe2 Qb6 13. 0-0-0 Bd7 14. Ne5 Nxe5 15. dxe5 0-0-0 16. f4 f6 17. Nf3 Kb8 18. exf6 Bxf6 19. Ne5 Bxe5 20. Qxe5+ Qc7 21. Kd2 gxf4 22. Qxc7+ Kxc7 23. gxf4 Rdf8 24. Ke3 Rhg8 25. Rd2 Rg3+ 26. Kf2 Rg4 27. g3 1/2-1/2

[Event "Polanica Zdroj op-A 41st"]
[Site "Polanica Zdroj"]
[Date "2005.08.26"]
[Round "8"]
[White "Maciejewski, Miroslaw"]
[Black "Orzechowski, Jacek"]
[Result "1/2-1/2"]
[WhiteElo "2323"]
[BlackElo "2235"]
[PlyCount "65"]
[EventDate "2005.08.19"]
[EventType "swiss"]
[EventRounds "10"]
[EventCountry "POL"]
[SourceTitle "CBM 108 Extra"]
[Source "ChessBase"]
[SourceDate "2005.11.04"]
[SourceVersion "1"]
[SourceVersionDate "2005.11.04"]
[SourceQuality "1"]

1. e4 e6 2. d4 d5 3. Nd2 Nc6 4. Ngf3 Nf6 5. e5 Nd7 6. Bd3 f6 7. c4 fxe5 8. cxd5 exd5 9. dxe5 Ndxe5 10. Nxe5 Nxe5 11. Qh5+ Nf7 12. 0-0 g6 13. Qe2+ Be7 14. f4 0-0 15. Nf3 c5 16. Bd2 c4 17. Bc2 Bc5+ 18. Kh1 Bg4 19. h3 Re8 20. Qd1 Be6 21. Bc3 Nd6 22. Ng5 Nf5 23. Qg4 h5 24. Qf3 Nh4 25. Qd1 d4 26. Be1 Nf5 27. Nxe6 Rxe6 28. Bxf5 gxf5 29. Qxh5 Qf6 30. Rf3 Qg6 31. Rg3 Rxe1+ 32. Rxe1 Qxg3 33. Re6 1/2-1/2

[Event "Polanica Zdroj op-A 41st"]
[Site "Polanica Zdroj"]
[Date "2005.08.24"]
[Round "6"]
[White "Maciejewski, Miroslaw"]
[Black "Warakomski, Tomasz"]
[Result "1/2-1/2"]
[WhiteElo "2323"]
[BlackElo "2375"]
[PlyCount "42"]
[EventDate "2005.08.19"]
[EventType "swiss"]
[EventRounds "10"]
[EventCountry "POL"]
[SourceTitle "CBM 108 Extra"]
[Source "ChessBase"]
[SourceDate "2005.11.04"]
[SourceVersion "1"]
[SourceVersionDate "2005.11.04"]
[SourceQuality "1"]

1. Nf3 d5 2. b3 Nf6 3. Bb2 e6 4. e3 Nbd7 5. c4 Bd6 6. Nc3 0-0 7. Qc2 c6 8. Be2 a6 9. d4 b5 10. 0-0 Bb7 11. c5 Bc7 12. b4 e5 13. dxe5 Nxe5 14. Nxe5 Bxe5 15. Bf3 a5 16. a3 Nd7 17. Ne2 Bc7 18. Nd4 Ne5 19. Be2 Re8 20. Bc3 Qh4 21. g3 Qh3 1/2-1/2

[Event "Polanica Zdroj op-A 41st"]
[Site "Polanica Zdroj"]
[Date "2005.08.22"]
[Round "4"]
[White "Luch, Michal"]
[Black "Maciejewski, Miroslaw"]
[Result "1/2-1/2"]
[WhiteElo "2414"]
[BlackElo "2323"]
[PlyCount "69"]
[EventDate "2005.08.19"]
[EventType "swiss"]
[EventRounds "10"]
[EventCountry "POL"]
[SourceTitle "CBM 108 Extra"]
[Source "ChessBase"]
[SourceDate "2005.11.04"]
[SourceVersion "1"]
[SourceVersionDate "2005.11.04"]
[SourceQuality "1"]

1. d4 Nf6 2. Nf3 g6 3. c4 Bg7 4. Nc3 0-0 5. g3 d6 6. Bg2 Nc6 7. 0-0 Bg4 8. h3 Bxf3 9. Bxf3 Nd7 10. e3 e5 11. dxe5 dxe5 12. Bxc6 bxc6 13. Qf3 Qf6 14. Qxf6 Bxf6 15. e4 Nc5 16. Be3 Ne6 17. Rad1 Nd4 18. Bxd4 exd4 19. Na4 Rfe8 20. Rfe1 Re5 21. f4 Ra5 22. b3 c5 23. e5 Be7 24. Ra1 Ra6 25. Nb2 Rb6 26. Kf2 a5 27. Ke2 Re6 28. Kd3 Re8 29. Re2 f5 30. h4 h5 31. Kc2 Ra8 32. Ree1 Kf7 33. Rab1 Rea6 34. a3 Ke6 35. a4 1/2-1/2

[Event "POL-chT 58th 2nd League"]
[Site "Wisla"]
[Date "2002.??.??"]
[Round "?"]
[White "Maciejewski, Miroslaw"]
[Black "Dawidow, Jacek"]
[Result "1-0"]
[WhiteElo "2341"]
[BlackElo "2336"]
[PlyCount "39"]
[EventDate "2002.08.30"]
[EventType "team-swiss"]
[EventRounds "11"]
[EventCountry "POL"]
[SourceTitle "EXT 2019"]
[Source "ChessBase"]
[SourceDate "2018.10.10"]
[SourceVersion "1"]
[SourceVersionDate "2018.10.10"]
[SourceQuality "1"]

1. e4 c5 2. Nf3 e6 3. d4 cxd4 4. Nxd4 Nc6 5. Nc3 Qc7 6. Be2 Nf6 7. Be3 a6 8. 0-0 Bd6 9. f4 Nxd4 10. Qxd4 e5 11. Qd2 0-0 12. Rad1 Bb4 13. Qd3 d6 14. fxe5 dxe5 15. Rxf6 Bxc3 16. bxc3 gxf6 17. Bh6 Qc5+ 18. Kh1 Kh8 19. Qg3 Bg4 20. Bxf8 1-0

[Event "Polanica Zdroj op"]
[Site "Polanica Zdroj"]
[Date "2001.08.23"]
[Round "8"]
[White "Cyborowski, Lukasz"]
[Black "Maciejewski, Miroslaw"]
[Result "1-0"]
[WhiteElo "2509"]
[BlackElo "2350"]
[PlyCount "40"]
[EventDate "2001.08.16"]
[EventType "swiss"]
[EventRounds "10"]
[EventCountry "POL"]
[SourceTitle "EXT 2002"]
[Source "ChessBase"]
[SourceDate "2001.11.25"]
[SourceVersion "1"]
[SourceVersionDate "2001.11.25"]
[SourceQuality "1"]

1. d4 Nf6 2. Nf3 g6 3. c4 Bg7 4. Nc3 0-0 5. Bf4 d6 6. e3 Nc6 7. h3 Bf5 8. g4 Be4 9. Be2 e5 10. dxe5 Nxe5 11. Bxe5 dxe5 12. g5 Bxf3 13. Qxd8 Rfxd8 14. Bxf3 Nd7 15. Ne4 c6 16. 0-0-0 f5 17. gxf6 Nxf6 18. Nc5 Rxd1+ 19. Rxd1 Rb8 20. Ne6 Re8 1-0

[Event "Polanica Zdroj op"]
[Site "Polanica Zdroj"]
[Date "2001.08.18"]
[Round "3"]
[White "Maciejewski, Miroslaw"]
[Black "Chojnacki, Krzysztof"]
[Result "1-0"]
[WhiteElo "2350"]
[BlackElo "2228"]
[PlyCount "164"]
[EventDate "2001.08.16"]
[EventType "swiss"]
[EventRounds "10"]
[EventCountry "POL"]
[SourceTitle "EXT 2002"]
[Source "ChessBase"]
[SourceDate "2001.11.25"]
[SourceVersion "1"]
[SourceVersionDate "2001.11.25"]
[SourceQuality "1"]

1. e4 c6 2. d4 d5 3. Nc3 dxe4 4. Nxe4 Bf5 5. Ng3 Bg6 6. h4 h6 7. Nf3 Nd7 8. h5 Bh7 9. Bd3 Bxd3 10. Qxd3 e6 11. Bf4 Qa5+ 12. Bd2 Qc7 13. 0-0-0 0-0-0 14. Qe2 Ngf6 15. Ne5 Nb6 16. Ba5 Rd5 17. Bxb6 axb6 18. c4 Rd8 19. Ne4 c5 20. Nc3 Bd6 21. Nb5 Qe7 22. Na7+ Kc7 23. dxc5 bxc5 24. Nb5+ Kb8 25. Nxd6 Rxd6 26. Rxd6 Qxd6 27. Nxf7 Qf4+ 28. Kb1 Re8 29. Qe5+ Qxe5 30. Nxe5 Rd8 31. Kc2 Ne4 32. Rh4 Rd2+ 33. Kc1 Re2 34. Kd1 Nc3+ 35. bxc3 Rxe5 36. Rg4 Rxh5 37. Rxg7 Re5 38. Kd2 Ka7 39. Rg6 h5 40. Kd3 Kb8 41. g3 Kc7 42. f4 Re1 43. Rg5 Rg1 44. Rxc5+ Kd6 45. Rg5 b6 46. c5+ bxc5 47. Kc4 Rg2 48. a4 Ra2 49. Kb3 Rg2 50. a5 Rg1 51. Kc4 Ra1 52. Rxc5 Ra4+ 53. Kb3 Rxf4 54. Rxh5 Rg4 55. a6 Kc7 56. Re5 Rxg3 57. Rxe6 Rg4 58. c4 Kb8 59. Kb4 Rg5 60. c5 Ka7 61. Kb5 Rg7 62. Re8 Rg1 63. Re7+ Kb8 64. Kb6 Rb1+ 65. Kc6 Ra1 66. Re8+ Ka7 67. Kc7 Rc1 68. Kc6 Ra1 69. Kd7 Rd1+ 70. Kc7 Rc1 71. c6 Rc2 72. Kd7 Rd2+ 73. Kc8 Rh2 74. c7 Rh1 75. Kd7 Rd1+ 76. Ke6 Re1+ 77. Kf7 Rf1+ 78. Kg6 Rg1+ 79. Kf5 Rf1+ 80. Kg4 Rg1+ 81. Kf3 Rc1 82. c8Q Rc6 1-0

[Event "Polanica Zdroj op-A"]
[Site "Polanica Zdroj"]
[Date "2000.08.24"]
[Round "7"]
[White "Malakhatko, Vadim"]
[Black "Maciejewski, Miroslaw"]
[Result "1-0"]
[WhiteElo "2564"]
[BlackElo "2330"]
[PlyCount "85"]
[EventDate "2000.08.17"]
[EventType "swiss"]
[EventRounds "10"]
[EventCountry "POL"]
[SourceTitle "EXT 2001"]
[Source "ChessBase"]
[SourceDate "2000.11.22"]
[SourceVersion "1"]
[SourceVersionDate "2000.11.22"]
[SourceQuality "1"]

1. d4 Nf6 2. c4 g6 3. Nc3 Bg7 4. e4 d6 5. Nf3 0-0 6. Be2 e5 7. 0-0 Nc6 8. d5 Ne7 9. b4 Nh5 10. Re1 a5 11. bxa5 Rxa5 12. Nd2 Nf4 13. Bf1 c5 14. a4 Ra6 15. Ra3 Kh8 16. Nb5 Ng8 17. g3 Nh5 18. Be2 Nhf6 19. f4 exf4 20. gxf4 h5 21. Bb2 Ng4 22. Bxg7+ Kxg7 23. Nf3 N8f6 24. Bf1 Nh7 25. Qd2 Kg8 26. e5 Bf5 27. Nxd6 Rxd6 28. exd6 Qxd6 29. Ne5 Nh6 30. Bg2 Ra8 31. a5 f6 32. Nf3 Nf8 33. Rb3 Qd8 34. Rxb7 Nf7 35. Rbe7 Nd6 36. Qc3 Nd7 37. Nh4 Rb8 38. a6 Be4 39. R7xe4 Nxe4 40. Bxe4 f5 41. Nxf5 gxf5 42. Bxf5 Nf8 43. Kh1 1-0